Digital circuit design with an introduction to CPLDs and FPGAs (رقم التسجيلة. 31891)
[ عرض عادي ]
| 000 -الفاتح | |
|---|---|
| حقل البيانات ثابتة الطول | 01768cam a2200457 a 4500 |
| 001 - رقم الضبط | |
| رقم الضبط | 6323061 |
| 003 - محدد رقم الضبط | |
| رقم الضبط | OSt |
| 005 - وقت وتاريخ اخر تعامل مع التسجيلة | |
| رقم الضبط | 20150408114149.0 |
| 006 - عناصر البيانات ثابتة الطول - خصائص المادة الاضافية-معلومات عامة | |
| حقل البيانات ثابتة الطول | m o d |
| 007 - الحقل الثابت للوصف المادى- معلومات عامة | |
| حقل البيانات ثابتة الطول | cr zn| |
| 008 - عناصر البيانات ثابتة الطول - معلومات عامة | |
| حقل البيانات ثابتة الطول | 051006s2005 caua sb 001 0 eng d |
| 020 ## - الرقم الدولى المعيارى للكتب | |
| الرقم الدولى المعيارى للكتاب الملغى /الخاطئ | 0974423963 |
| 020 ## - الرقم الدولى المعيارى للكتب | |
| الرقم الدولى المعيارى للكتاب الملغى /الخاطئ | 9780273764526 |
| 035 ## - رقم ضبط النظام | |
| رقم ضبط النظام | (CtWfDGI)bke00000713 |
| 035 ## - رقم ضبط النظام | |
| رقم ضبط النظام | (NNC)6323061 |
| 040 ## - مصدر الفهرسة | |
| وكالة الفهرسة الأصلية | CtWfDGI |
| وكالة النسخ | CtWfDGI |
| 050 14 - رقم طلب مكتبة الكونجرس | |
| رقم التصنيف | TK7868.D5 |
| رقم المادة | D54 2005eb |
| 082 04 - رقم تصنيف ديوى العشرى | |
| رقم التصنيف | 621.3815 |
| رقم الطبعة | 22 |
| رقم المادة | DID |
| 245 00 - بيان العنوان | |
| العنوان | Digital circuit design with an introduction to CPLDs and FPGAs |
| الوسيط | [electronic resource] / |
| بيان المسئوليه,etc | Steven T. Karris, editor. |
| 246 3# - العنوان الموازى | |
| نص العرض | Title from thumbnail image of cover: |
| عنوان صحيح/عنوان مختصر | Digital circuit analysis and design with an introduction to CPLDs and FPGAs |
| 250 ## - بيان الطبعة | |
| بيان الطبعة | 1st ed. |
| 256 ## - خصائص ملف الحاسب | |
| خصائص ملف الحاسب | Computer document. |
| 260 ## - PUBLICATION, DISTRIBUTION, ETC. (IMPRINT) | |
| مكان الناشر او الموزع | [Fremont, Calif.] : |
| اسم الناشر او الموزع | Orchard Publications, |
| تاريخ النشر أو التوزيع | 2013 |
| مكان الصناعة | (Norwood, Mass. : |
| المنتج | Books24x7.com [generator]) |
| 500 ## - تبصرة عامة | |
| تبصرة عامة | Title from title screen. |
| 504 ## - تبصرة ببليوجرافية | |
| تبصرة ببليوجرافية,الخ | Includes bibliographical references and index. |
| 516 ## - تبصرة نوع البيانات او ملفات الحاسب | |
| تبصرة نوع أو بيانات ملف الحاسب | Text. |
| 530 ## - تبصرة أشكال مادية أخرى متاحة | |
| اشكال ماديه اخرى متاحة للعنصر | Available also in a print ed. |
| 538 ## - تبصرة تفاصيل النظام | |
| تبصرة التفاصيل الفنية لملف الحاسب | Mode of access: Internet via World Wide Web. |
| 550 ## - تبصرة الهيئة الناشرة | |
| تبصرة الهيئة الناشرة | Digitized and made available by: Books24x7.com. |
| 650 #0 - المدخل الاضافى بالموضوع-مصطلح موضوعى | |
| مصطلح موضوعي أو اسم جغرافي كعنصر مدخل | Electronic circuit design. |
| 9 (RLIN) | 36712 |
| 650 #0 - المدخل الاضافى بالموضوع-مصطلح موضوعى | |
| مصطلح موضوعي أو اسم جغرافي كعنصر مدخل | Programmable logic devices |
| التقسيم الفرعي العام | Design and construction. |
| 9 (RLIN) | 39410 |
| 650 #0 - المدخل الاضافى بالموضوع-مصطلح موضوعى | |
| مصطلح موضوعي أو اسم جغرافي كعنصر مدخل | Programmable array logic. |
| 9 (RLIN) | 39411 |
| 650 #0 - المدخل الاضافى بالموضوع-مصطلح موضوعى | |
| مصطلح موضوعي أو اسم جغرافي كعنصر مدخل | Digital electronics |
| التقسيم الفرعي العام | Design and construction. |
| 9 (RLIN) | 39412 |
| 650 #0 - المدخل الاضافى بالموضوع-مصطلح موضوعى | |
| مصطلح موضوعي أو اسم جغرافي كعنصر مدخل | Logic circuits |
| التقسيم الفرعي العام | Design and construction. |
| 9 (RLIN) | 39413 |
| 650 #0 - المدخل الاضافى بالموضوع-مصطلح موضوعى | |
| مصطلح موضوعي أو اسم جغرافي كعنصر مدخل | Field programmable gate arrays. |
| 655 #7 - مصطلح تكشيفى-نوع/شكل | |
| بيانات النوع/ الشكل أو المصطلح الأساسي | Electronic books. |
| مصدر المصطلح | lcsh |
| 9 (RLIN) | 4135 |
| 710 2# - المدخل الاضافى - اسم هيئه | |
| اسم الهيئة أو اسم السلطة كمدخل | Books24x7, Inc. |
| 9 (RLIN) | 17232 |
| 856 40 - الوصول و الموقع الالكترونى | |
| معرف المصدر الموحد | <a href="http://www.columbia.edu/cgi-bin/cul/resolve?clio6323061">http://www.columbia.edu/cgi-bin/cul/resolve?clio6323061</a> |
| تبصرة عامة | Click here for full text. |
| 942 ## - عناصر المدخل الإضافي( كوها) | |
| مصدر التصنيف او مخطط الترفيف | Dewey Decimal Classification |
| Koha [default] item type | كتاب |
| حالة الفقد | نموذج السعر الفعال | حالة تلف | ليس للاعارة | رقم الطلب | تاريخ الاكتساب | الموقع الحالي | الباركود | الفرع الرئيسي | Date last seen | نوع المادة فى نظام كوها | مصدر التصنيف او خطة الترفيف | Total Checkouts | Date last checked out |
|---|---|---|---|---|---|---|---|---|---|---|---|---|---|
| 2013-11-11 | 621.3815 DID | 2013-11-11 | المكتبة المركزية بالمجمعة (CL) | 00650985 | المكتبة المركزية بالمجمعة (CL) | 2013-11-11 | كتاب | Dewey Decimal Classification | |||||
| 2013-11-11 | 621.3815 DID | 2013-11-11 | المكتبة المركزية بالمجمعة (CL) | 00650986 | المكتبة المركزية بالمجمعة (CL) | 2013-11-11 | كتاب | Dewey Decimal Classification | |||||
| 2013-11-11 | 621.3815 DID | 2013-11-11 | المكتبة المركزية بالمجمعة (CL) | 00650987 | المكتبة المركزية بالمجمعة (CL) | 2020-02-04 | كتاب | Dewey Decimal Classification | 2 | 2020-02-03 | |||
| 2013-11-11 | 621.3815 DID | 2013-11-11 | مكتبة مجمع الكليات بالزلفى - طلاب (SZM) | 00650982 | مكتبة مجمع الكليات بالزلفى - طلاب (SZM) | 2013-11-11 | كتاب | Dewey Decimal Classification | |||||
| 2013-11-11 | 621.3815 DID | 2013-11-11 | مكتبة مجمع الكليات بالزلفى - طلاب (SZM) | 00650983 | مكتبة مجمع الكليات بالزلفى - طلاب (SZM) | 2013-11-11 | كتاب | Dewey Decimal Classification | |||||
| 2013-11-11 | 621.3815 DID | 2013-11-11 | مكتبة مجمع الكليات بالزلفى - طلاب (SZM) | 00650984 | مكتبة مجمع الكليات بالزلفى - طلاب (SZM) | 2013-11-11 | كتاب | Dewey Decimal Classification |
